000 00665nam a2200241Ia 4500
003 OSt
005 20220928123018.0
006 a|||||r|||| 00| 0
007 ta
008 220927b |||||||| |||| 00| 0 eng d
024 _a69444
037 _cTextual
040 _aSDCL
_cSDCL
_beng
041 _2eng
_aeng
082 _aX:57.1(X)'P, P6
100 _aVernengo Matias Ed.
_9452091
245 0 _aMonetary integration and dollarization
_bNopanacea
260 _aCheltenham
_bEdward Elgar
300 _axix,298p
_ccm.
650 _aForeign Exchange
942 _hX:57.1(X)'P, P6
_cTEXL
_2CC
999 _c773168
_d773168